Guess the Song - Disney #1 - Statistics

General Stats
  • This quiz has been taken 1,148 times
  • The average score is 47 of 107
Answer Stats
Lyrics % Correct
a
94%
you
85%
The
82%
the
82%
When
61%
are
59%
is
57%
to
57%
no
55%
No
55%
your
54%
Your
54%
and
53%
love
53%
do
51%
in
51%
star
51%
who
51%
wish
51%
upon
49%
Will
46%
dream
44%
come
40%
heart
38%
If
38%
true
36%
Makes
35%
She
35%
of
33%
difference
32%
When You Wish Upon a Star
30%
too
29%
dreams
28%
Like
28%
Pinocchio
28%
desires
22%
Anything
21%
out
20%
Their
18%
extreme
17%
request
16%
comes
15%
dreamers
15%
blue
13%
those
13%
Fate
12%
kind
12%
through
11%
bolt
10%
steps
10%
brings
9%
sweet
9%
longing
8%
secret
8%
fulfillment
7%
pulls
1%
No matching quizzes found
Score Distribution
Percent of People with Each Score
Percentile by Number Answered
Your Score History
You have not taken this quiz